Business Communication (Record no. 4585)
[ view plain ]
| 000 -LEADER | |
|---|---|
| fixed length control field | 00589nam a22001817a 4500 |
| 005 - DATE AND TIME OF LATEST TRANSACTION | |
| control field | 20250308114649.0 |
| 008 - FIXED-LENGTH DATA ELEMENTS--GENERAL INFORMATION | |
| fixed length control field | 250308b |||||||| |||| 00| 0 eng d |
| 020 ## - INTERNATIONAL STANDARD BOOK NUMBER | |
| International Standard Book Number | 9788131701720 |
| 050 ## - LIBRARY OF CONGRESS CALL NUMBER | |
| Classification number | HF5718 CHA |
| 100 ## - MAIN ENTRY--PERSONAL NAME | |
| Personal name | Chaturvedi P. D. |
| 245 ## - TITLE STATEMENT | |
| Title | Business Communication |
| Remainder of title | Concepts, Cases and Applications |
| Statement of responsibility, etc. | P. D. Chaturvedi & Mukesh Chaturvedi |
| 260 ## - PUBLICATION, DISTRIBUTION, ETC. | |
| Place of publication, distribution, etc. | Harlow |
| Name of publisher, distributor, etc. | Dorling Kindersley (India) Pvt. Ltd./Pearson Education Ltd. |
| Date of publication, distribution, etc. | 2006 |
| 300 ## - PHYSICAL DESCRIPTION | |
| Extent | xvi. 500p. |
| Other physical details | ill. |
| Dimensions | 23 cm |
| 500 ## - GENERAL NOTE | |
| General note | Includes Index |
| 650 ## - SUBJECT ADDED ENTRY--TOPICAL TERM | |
| Source of heading or term | Communication |
| 700 ## - ADDED ENTRY--PERSONAL NAME | |
| Personal name | Chaturvedi Mukesh |
| 942 ## - ADDED ENTRY ELEMENTS (KOHA) | |
| Source of classification or shelving scheme | Library of Congress Classification |
| Koha item type | Books |
| Suppress in OPAC | No |
| 999 ## - | |
| -- | 4585 |
| -- | 4585 |
| Withdrawn status | Lost status | Source of classification or shelving scheme | Damaged status | Not for loan | Collection | Home library | Current library | Shelving location | Date acquired | Total checkouts | Full call number | Barcode | Date last seen | Copy number | Price effective from | Koha item type |
|---|---|---|---|---|---|---|---|---|---|---|---|---|---|---|---|---|
| Library of Congress Classification | Non-fiction | Business Library (Miotso) | Business Library (Miotso) | General stacks | 03/08/2025 | HF5718 CHA | BSSM00001235 | 03/08/2025 | 1 | 03/08/2025 | Books | |||||
| Library of Congress Classification | Graduate Library (Christ Temple) | Graduate Library (Christ Temple) | General stacks | 02/24/2026 | HF 5718 CHA | gsct00002904 | 02/24/2026 | 02/24/2026 | Books | |||||||
| Library of Congress Classification | Graduate Library (Christ Temple) | Graduate Library (Christ Temple) | General stacks | 02/24/2026 | HF 5718.P43 PEN | gsct00002906 | 02/24/2026 | 02/24/2026 | Books |